000
002290000a22000970004500
100
1
_a
Houston, Tom
245
1
0
_a
Let's stay together
300
_a
Vol. 16, Núm 62 (1990), Páginas 8
773
0
_t
World Evangelization
942
_c
ANA
999
_c
57820
_d
57820